Normal view
MARC view
Entry Topical Term
001 - CONTROL NUMBER
- control field: 9927
003 - CONTROL NUMBER IDENTIFIER
- control field: BD-RjUL
005 - DATE AND TIME OF LATEST TRANSACTION
- control field: 20231104165725.0
008 - FIXED-LENGTH DATA ELEMENTS
- fixed length control field: 231104|| aca||aabn | a|a d
040 ## - CATALOGING SOURCE
- Original cataloging agency: BD-RjUL
- Transcribing agency: BD-RjUL
150 ## - HEADING--TOPICAL TERM
- Topical term or geographic name entry element: Migration, remittances, and development in South Asia
- Form subdivision: Production
670 ## - SOURCE DATA FOUND
- Source citation: Work cat.: (BD-RjUL)82248: Rahman, S.M. Atiar 9926, Migration, remittances and economic growth in South Asian countries : , 2015